Swaraj for the people. (Record no. 56723)

MARC details
000 -LEADER
fixed length control field 00640cam a22002291 4500
001 - CONTROL NUMBER
control field sa 64001393
003 - CONTROL NUMBER IDENTIFIER
control field DLC
005 - DATE AND TIME OF LATEST TRANSACTION
control field 20260227112002.0
008 - FIXED-LENGTH DATA ELEMENTS--GENERAL INFORMATION
fixed length control field 841211s1963 ii 000 0 eng
010 ## - LIBRARY OF CONGRESS CONTROL NUMBER
LC control number sa 64001393
025 ## - OVERSEAS ACQUISITION NUMBER
Overseas acquisition number PL480:I-E-2516
035 ## - SYSTEM CONTROL NUMBER
System control number (OCoLC)11481027
040 ## - CATALOGING SOURCE
Original cataloging agency DLC
Transcribing agency NcWsW
Modifying agency DLC
050 00 - LIBRARY OF CONGRESS CALL NUMBER
Classification number JS7008
Item number .N3 1963
100 1# - MAIN ENTRY--PERSONAL NAME
Personal name Narayan, Jayaprakash,
Dates associated with a name 1902-1979.
245 10 - TITLE STATEMENT
Title Swaraj for the people.
250 ## - EDITION STATEMENT
Edition statement [3d ed.]
260 ## - PUBLICATION, DISTRIBUTION, ETC.
Place of publication, distribution, etc. Varanasi,
Name of publisher, distributor, etc. Sarva Seva Sangh Prakashan
Date of publication, distribution, etc. [1963]
300 ## - PHYSICAL DESCRIPTION
Extent vi, 33 p.
Dimensions 25 cm.
650 #0 - SUBJECT ADDED ENTRY--TOPICAL TERM
Topical term or geographic name entry element Local government
Geographic subdivision India.
651 #0 - SUBJECT ADDED ENTRY--GEOGRAPHIC NAME
Geographic name India
General subdivision Politics and government
Chronological subdivision 1947-

No items available.

Powered by Koha